|
|
|
|
| LEADER |
01041nam a2200253 a 4500 |
| 001 |
185832353 |
| 008 |
121206s2001 sw m 000 0 eng |
| 020 |
|
|
|a 9173050172
|
| 020 |
|
|
|a 9789173050173
|
| 040 |
|
|
|a S3O
|b swe
|c S3O
|d CUN
|d BD-DhAAL.
|
| 082 |
0 |
0 |
|a 615.82
|2 22
|
| 100 |
1 |
|
|a Öhman, Ann,
|d 1954-
|
| 245 |
1 |
0 |
|a Profession on the move :
|b changing conditions and gendered development in physiotherapy /
|c Ann Öhman
|
| 260 |
|
|
|a Umeå :
|b Umeå Univ.,
|c 2001
|
| 300 |
|
|
|a [16], 132 p. ;
|c 24 cm.
|
| 490 |
1 |
|
|a Umeå University medical dissertations,
|x 0346-6612 ;
|v N.S. 730.
|
| 504 |
|
|
|a Includes bibliographical references.
|
| 541 |
|
|
|e 00026305
|
| 650 |
|
0 |
|a Physical therapy
|x Practice
|
| 650 |
|
0 |
|a Physical therapy
|x Social aspects
|
| 650 |
|
0 |
|a Physical therapy
|x Physiological aspects
|
| 852 |
1 |
|
|a Ayesha Abed Library
|j General shelf.
|
| 999 |
|
|
|c 12999
|d 12999
|
| 952 |
|
|
|0 0
|1 0
|2 ddc
|4 0
|6 615_820000000000000_OHM
|7 0
|9 21528
|a JPGSPH
|b JPGSPH
|c GEN
|d 2012-12-10
|e JPGSPH
|l 0
|o 615.82 OHM
|p 3060026305
|r 2012-12-10
|t 1
|w 0000-00-00
|y BK
|x Available
|